|
|
|
|
| LEADER |
01294nam a2200313 a 4500 |
| 001 |
1004766 |
| 008 |
100216s1987 nyua b 001 0 eng d |
| 010 |
|
|
|a \\\87012365
|
| 020 |
|
|
|a 0195206193
|
| 040 |
|
|
|a DLC
|c DLC
|d DLC
|
| 082 |
0 |
0 |
|a 338.6/42/0954
|2 19
|
| 100 |
1 |
|
|a Little, Ian Malcolm David.
|
| 245 |
1 |
0 |
|a Small manufacturing enterprises :
|b a comparative study of India and other economies /
|c Ian M.D. Little, Dipak Mazumdar, John M. Page, Jr.
|
| 260 |
|
|
|a New York :
|b Oxford University Press,
|c 1987.
|
| 300 |
|
|
|a x, 362 p. :
|b ill. ;
|c 24 cm.
|
| 490 |
0 |
|
|a A World Bank research publication
|
| 500 |
|
|
|a "Published for the World Bank."
|
| 504 |
|
|
|a Included bibliographical references (p. 337-345) and index.
|
| 541 |
1 |
|
|e 00003664
|
| 650 |
|
0 |
|a Manufacturing industries
|z India.
|
| 650 |
|
0 |
|a Small business
|z India.
|
| 650 |
|
0 |
|a Manufacturing industries
|z Developing countries.
|
| 650 |
|
0 |
|a Small business
|z Developing countries.
|
| 700 |
1 |
|
|a Mazumdar, Dipak,
|d 1932-
|
| 700 |
1 |
|
|a Page, John M.,
|d 1949-
|
| 710 |
2 |
|
|a World Bank.
|
| 852 |
4 |
|
|a Ayesha Abed Library
|j General Shelf
|
| 999 |
|
|
|c 7554
|d 7554
|
| 952 |
|
|
|0 0
|1 0
|2 ddc
|4 0
|6 338_642095400000000_LIT_1987
|7 0
|9 8190
|a BRACUL
|b BRACUL
|c GEN
|d 2010-02-16
|g 1691.00
|l 1
|o 338.6420954 LIT
|p 3010003664
|r 2018-12-18
|s 2018-09-26
|t 1
|w 2010-02-16
|y BK
|